<?xml version='1.0' encoding='UTF-8'?>
  <record xmlns="http://www.loc.gov/MARC21/slim">
    <leader>00000cam a2200000 i 4500</leader>
    <controlfield tag="001">on1012936643</controlfield>
    <controlfield tag="003">OCoLC</controlfield>
    <controlfield tag="005">20250624160433.1</controlfield>
    <controlfield tag="008">171127s1794    fr f         f000 0 eng d</controlfield>
    <datafield tag="040" ind1=" " ind2=" ">
      <subfield code="a">QGJ</subfield>
      <subfield code="b">eng</subfield>
      <subfield code="e">rda</subfield>
      <subfield code="e">dcrmb</subfield>
      <subfield code="c">QGJ</subfield>
      <subfield code="d">OCLCQ</subfield>
      <subfield code="d">OCLCO</subfield>
      <subfield code="d">OCLCQ</subfield>
      <subfield code="d">OCLCL</subfield>
    </datafield>
    <datafield tag="035" ind1=" " ind2=" ">
      <subfield code="a">(OCoLC)1012936643</subfield>
    </datafield>
    <datafield tag="043" ind1=" " ind2=" ">
      <subfield code="a">e-fr---</subfield>
    </datafield>
    <datafield tag="082" ind1="1" ind2="4">
      <subfield code="a">509</subfield>
      <subfield code="q">OCoLC</subfield>
      <subfield code="1">https://id.oclc.org/worldcat/ddc/E3kk7D6ycdCqfr3pCCxF4PGWg3</subfield>
    </datafield>
    <datafield tag="110" ind1="1" ind2=" ">
      <subfield code="a">France.</subfield>
      <subfield code="b">Commission temporaire des poids et mesures républicaines.</subfield>
    </datafield>
    <datafield tag="245" ind1="1" ind2="0">
      <subfield code="a">Instruction abrégée sur les mesures déduites de la grandeur de la terre, uniformes pour toute la République et sur les calculs relatifs à leur division décimale /</subfield>
      <subfield code="c">par la Commission temporaire des poids &amp; mesures républicaines ...</subfield>
    </datafield>
    <datafield tag="250" ind1=" " ind2=" ">
      <subfield code="a">Sur l'édition originale de l'Imprimerie Nationale exécutive du Louvre.</subfield>
    </datafield>
    <datafield tag="264" ind1=" " ind2="1">
      <subfield code="a">A Toulouse, :</subfield>
      <subfield code="b">chez la citoyenne veuve Douladoure, imprimeur, rue Liberté, Ire. section, no. 44.,</subfield>
      <subfield code="c">An IIe. de la République une &amp; indivisible. [1794]</subfield>
    </datafield>
    <datafield tag="300" ind1=" " ind2=" ">
      <subfield code="a">xiv, 147 pages, 28 unnumbered pages ;</subfield>
      <subfield code="c">22 cm (8vo)</subfield>
    </datafield>
    <datafield tag="336" ind1=" " ind2=" ">
      <subfield code="a">text</subfield>
      <subfield code="b">txt</subfield>
      <subfield code="2">rdacontent</subfield>
    </datafield>
    <datafield tag="337" ind1=" " ind2=" ">
      <subfield code="a">unmediated</subfield>
      <subfield code="b">n</subfield>
      <subfield code="2">rdamedia</subfield>
    </datafield>
    <datafield tag="338" ind1=" " ind2=" ">
      <subfield code="a">volume</subfield>
      <subfield code="b">nc</subfield>
      <subfield code="2">rdacarrier</subfield>
    </datafield>
    <datafield tag="500" ind1=" " ind2=" ">
      <subfield code="a">By R.J. Haüy.</subfield>
    </datafield>
    <datafield tag="500" ind1=" " ind2=" ">
      <subfield code="a">Errata: p. [148].</subfield>
    </datafield>
    <datafield tag="510" ind1="4" ind2=" ">
      <subfield code="a">Barbier, A.A. Dictionnaire des ouvrages anonymes (3. éd.),</subfield>
      <subfield code="c">2, 942</subfield>
    </datafield>
    <datafield tag="650" ind1=" " ind2="0">
      <subfield code="a">Weights and measures</subfield>
      <subfield code="z">France.</subfield>
    </datafield>
    <datafield tag="650" ind1=" " ind2="0">
      <subfield code="a">Metric system</subfield>
      <subfield code="v">Conversion tables.</subfield>
    </datafield>
    <datafield tag="650" ind1=" " ind2="6">
      <subfield code="a">Poids et mesures</subfield>
      <subfield code="z">France.</subfield>
    </datafield>
    <datafield tag="650" ind1=" " ind2="6">
      <subfield code="a">Système métrique</subfield>
      <subfield code="v">Tables de conversion.</subfield>
    </datafield>
    <datafield tag="650" ind1=" " ind2="7">
      <subfield code="a">Metric system.</subfield>
      <subfield code="2">fast</subfield>
      <subfield code="0">(OCoLC)fst01018814</subfield>
    </datafield>
    <datafield tag="650" ind1=" " ind2="7">
      <subfield code="a">Weights and measures.</subfield>
      <subfield code="2">fast</subfield>
      <subfield code="0">(OCoLC)fst01173497</subfield>
    </datafield>
    <datafield tag="651" ind1=" " ind2="7">
      <subfield code="a">France.</subfield>
      <subfield code="2">fast</subfield>
      <subfield code="0">(OCoLC)fst01204289</subfield>
      <subfield code="1">https://id.oclc.org/worldcat/entity/E39PBJd8gD4vdtqQMdQHvYqbBP</subfield>
    </datafield>
    <datafield tag="655" ind1=" " ind2="7">
      <subfield code="a">Conversion tables.</subfield>
      <subfield code="2">fast</subfield>
      <subfield code="0">(OCoLC)fst01920775</subfield>
    </datafield>
    <datafield tag="700" ind1="1" ind2=" ">
      <subfield code="a">Haüy, René Just,</subfield>
      <subfield code="d">1743-1822,</subfield>
      <subfield code="e">editor.</subfield>
      <subfield code="1">https://id.oclc.org/worldcat/entity/E39PBJfrJvTDDqxHFjFJ6PPvpP</subfield>
    </datafield>
    <datafield tag="700" ind1="1" ind2=" ">
      <subfield code="a">Douladoure, Jean Joseph,</subfield>
      <subfield code="c">Widow,</subfield>
      <subfield code="e">printer.</subfield>
    </datafield>
    <datafield tag="710" ind1="1" ind2=" ">
      <subfield code="a">France.</subfield>
      <subfield code="b">Convention nationale.</subfield>
    </datafield>
    <datafield tag="752" ind1=" " ind2=" ">
      <subfield code="a">France</subfield>
      <subfield code="d">Toulouse</subfield>
    </datafield>
    <datafield tag="758" ind1=" " ind2=" ">
      <subfield code="i">has work:</subfield>
      <subfield code="a">Instruction abrégée sur les mesures déduites de la grandeur de la terre, uniformes pour toute la République et sur les calculs relatifs à leur division décimale (Text)</subfield>
      <subfield code="1">https://id.oclc.org/worldcat/entity/E39PCFMdqbwyfBHtYmGYxpfGtq</subfield>
      <subfield code="4">https://id.oclc.org/worldcat/ontology/hasWork</subfield>
    </datafield>
  </record>